Introduction to relativity
Uloženo v:
| Hlavní autor: | |
|---|---|
| Médium: | Kniha |
| Jazyk: | angličtina |
| Vydáno: |
Burlington
Harcourt
2001
|
| Edice: | Complementary Science Series
|
| Témata: | |
| Tagy: |
Přidat tag
Žádné tagy, Buďte první, kdo vytvoří štítek k tomuto záznamu!
|
MARC
| LEADER | 00000nam a2200000 a 4500 | ||
|---|---|---|---|
| 001 | UCL7831 | ||
| 003 | CL-VaPUC | ||
| 008 | 040604e20010000US |||||||||||||||||eng|d | ||
| 020 | |a 0124175619 | ||
| 082 | 0 | 4 | |a 530.11 |b KOG |2 21 |
| 100 | 0 | |a Kogut, John B |e author |9 485738 | |
| 245 | 1 | 0 | |a Introduction to relativity |
| 300 | |a 178 p | ||
| 942 | |c BK | ||
| 945 | |d 20040604 00:00:00 |a cmena | ||
| 260 | |a Burlington |b Harcourt |c 2001 | ||
| 650 | 0 | |a Teoría de la relatividad |9 266149 | |
| 650 | 0 | |a Física |9 227844 | |
| 650 | 0 | |a Espacio y tiempo |9 265042 | |
| 583 | |a last modification |c 20040604 00:00:00 |k Rodrigo Vera | ||
| 490 | 0 | |a Complementary Science Series | |
| 999 | |c 309390 |d 309388 | ||
| 952 | |0 0 |1 0 |4 0 |6 530_110000000000000_KOG_2001 |7 0 |8 A |9 376826 |a BIBCUR |b BIBCUR |d 2019-11-21 |i 4022084 |l 1 |o 530.11 KOG 2001 |p 4022084 |r 2025-04-22 |s 2022-03-03 |w 2019-11-21 |y BK |k FIS | ||